| 000 | 00461cam a2200181ua 4500 | ||
|---|---|---|---|
| 020 | _c21.00 | ||
| 041 |
_aeng _h |
||
| 082 |
_a539.7 _bKIT/OR |
||
| 100 | _aKitaigorodskiy, A.I . | ||
| 245 |
_aOrder and disorder in the world of atoms / _cA.I.Kitaigorodskiy. _hTextual Documents |
||
| 250 |
_a1 / _b. |
||
| 260 |
_aNew York : _bSpringer Verlag , _c1967. |
||
| 300 | _a135 ; . | ||
| 365 | _a21.00 | ||
| 504 | _a | ||
| 942 | _cBK | ||
| 999 |
_c1663 _d1663 |
||